Statistics for Click to Assemble Country Flags #1

Click here to take the quiz!

General Stats

  • This quiz has been taken 739 times
  • The average score is 18 of 25

Answer Stats

HintAnswer% Correct
90%
88%
81%
80%
79%
79%
78%
75%
75%
75%
73%
73%
71%
71%
71%
70%
69%
68%
68%
68%
66%
62%
60%
58%
56%

Score Distribution

Percentile by Number Answered

Percent of People with Each Score

Your Score History

You have not taken this quiz